[Event "GER-ch48 final email"]
[Site "GER email"]
[Date "2018.09.24"]
[Round "?"]
[White "Koerber, Bernhard"]
[Black "Wagner, Richard"]
[Result "1/2-1/2"]
[WhiteElo "2413"]
[BlackElo "2446"]
[PlyCount "120"]
[EventDate "2018.??.??"]
[EventType "tourn (corr)"]
[EventRounds "14"]
[EventCountry "GER"]
[SourceTitle "Corr 2022"]
[Source "ChessBase"]
[SourceDate "2021.10.24"]
[SourceVersion "1"]
[SourceVersionDate "2021.10.24"]
[SourceQuality "1"]

1. e4 c5 2. Nc3 e6 3. f4 d5 4. Nf3 dxe4 5. Nxe4 Nc6 6. g3 Be7 7. Bg2 Nf6 8. Nf2 0-0 9. b3 Qc7 10. Bb2 b6 11. 0-0 Bb7 12. d3 Rad8 13. Ne5 Nd5 14. Re1 Nd4 15. c4 Nb4 16. Bxb7 Qxb7 17. Bxd4 Rxd4 18. a3 Na6 19. Rb1 Qc8 20. Qe2 Rdd8 21. Qe4 Nb8 22. b4 Bf6 23. b5 Bxe5 24. Qxe5 Rd4 25. Qe3 Nd7 26. Qf3 Qa8 27. Qxa8 Rxa8 28. Re3 h6 29. Ne4 a6 30. bxa6 Rxa6 31. Rb3 g6 32. Re1 Kg7 33. h3 Nf6 34. Nd2 Rd8 35. Nf3 Nd7 36. Kf2 Rda8 37. Ra1 Kf6 38. g4 Ke7 39. h4 Kd6 40. Ke3 Re8 41. Rab1 Rea8 42. Ra1 Re8 43. Rab1 e5 44. fxe5+ Nxe5 45. Rxb6+ Rxb6 46. Rxb6+ Kc7 47. Rb5 Nxg4+ 48. Kd2 Kc6 49. d4 cxd4 50. Nxd4+ Kc7 51. a4 f6 52. a5 Ne5 53. Kc3 Ra8 54. Ne6+ Kd7 55. Nf4 g5 56. hxg5 hxg5 57. Nd5 Ra6 58. Nxf6+ Rxf6 59. Rxe5 Rg6 60. Rd5+ Kc7 1/2-1/2

[Event "GER-ch48 final email"]
[Site "GER email"]
[Date "2018.09.24"]
[Round "?"]
[White "Wagner, Richard"]
[Black "Hanel, Roland"]
[Result "1/2-1/2"]
[WhiteElo "2446"]
[BlackElo "2348"]
[PlyCount "70"]
[EventDate "2018.??.??"]
[EventType "tourn (corr)"]
[EventRounds "14"]
[EventCountry "GER"]
[SourceTitle "Corr 2020"]
[Source "ChessBase"]
[SourceDate "2019.09.30"]
[SourceVersion "1"]
[SourceVersionDate "2019.09.30"]
[SourceQuality "1"]

1. e4 c5 2. Nf3 Nc6 3. d4 cxd4 4. Nxd4 Nf6 5. Nc3 e5 6. Ndb5 d6 7. Bg5 a6 8. Na3 b5 9. Nd5 Be7 10. Bxf6 Bxf6 11. c3 0-0 12. Nc2 Bg5 13. a4 bxa4 14. Rxa4 a5 15. Bc4 Bd7 16. Nce3 Ne7 17. Ra2 Nxd5 18. Nxd5 a4 19. 0-0 Rb8 20. Bd3 g6 21. Qe2 Qc8 22. Rfa1 Kg7 23. Nb4 Bd8 24. Bc2 Bb6 25. Nd5 Bb5 26. Qd1 Qc5 27. Nxb6 Qxb6 28. Bxa4 Bc4 29. Ra3 Qxb2 30. Qxd6 Qb1+ 31. Rxb1 Rxb1+ 32. Qd1 Rxd1+ 33. Bxd1 Rd8 34. Ra1 Kf6 35. h4 h6 1/2-1/2

[Event "MVP-ch Seniors op 17th"]
[Site "Binz"]
[Date "2017.12.07"]
[Round "9.67"]
[White "Heinke, Richard"]
[Black "Wagner, Richard"]
[Result "0-1"]
[WhiteElo "1585"]
[BlackElo "1828"]
[PlyCount "58"]
[EventDate "2017.11.29"]
[EventType "swiss"]
[EventRounds "9"]
[EventCountry "GER"]
[SourceTitle "EXT 2019"]
[Source "ChessBase"]
[SourceDate "2018.10.10"]
[SourceVersion "1"]
[SourceVersionDate "2018.10.10"]
[SourceQuality "1"]

1. d4 Nf6 2. c4 e6 3. Nc3 Bb4 4. Qc2 0-0 5. a3 Bxc3+ 6. Qxc3 b6 7. Bg5 Bb7 8. f3 d6 9. e4 e5 10. d5 Nxe4 11. Bxd8 Nxc3 12. Bg5 Na4 13. b4 b5 14. Rc1 f6 15. Be3 Nd7 16. Bd3 Nab6 17. Bxb6 Nxb6 18. cxb5 Bxd5 19. Rxc7 Rfc8 20. Rxc8+ Rxc8 21. Kd2 Nc4+ 22. Bxc4 Bxc4 23. Nh3 Bxb5 24. Rc1 Rxc1 25. Kxc1 Bf1 26. Ng1 Bxg2 27. Kd2 Bf1 28. Ne2 Bxe2 29. Kxe2 Kf7 0-1

[Event "MVP-ch Seniors op 17th"]
[Site "Binz"]
[Date "2017.12.06"]
[Round "8.69"]
[White "Wagner, Richard"]
[Black "Mueller, Dieter5555"]
[Result "1/2-1/2"]
[WhiteElo "1828"]
[BlackElo "1645"]
[PlyCount "50"]
[EventDate "2017.11.29"]
[EventType "swiss"]
[EventRounds "9"]
[EventCountry "GER"]
[SourceTitle "EXT 2019"]
[Source "ChessBase"]
[SourceDate "2018.10.10"]
[SourceVersion "1"]
[SourceVersionDate "2018.10.10"]
[SourceQuality "1"]

1. e4 d6 2. d4 Nf6 3. Nc3 g6 4. Nf3 Bg7 5. h3 c6 6. Bd3 b5 7. a3 a5 8. 0-0 Bb7 9. e5 dxe5 10. dxe5 Nfd7 11. Qe2 e6 12. Bf4 Nc5 13. Rad1 Nxd3 14. Rxd3 Qe7 15. Ne4 0-0 16. Bg5 Qc7 17. Nf6+ Kh8 18. Qe3 c5 19. Rfd1 Bxf3 20. gxf3 Nc6 21. f4 Nd4 22. Ne4 h6 23. Bf6 Rac8 24. Qd2 Bxf6 25. Nxf6 Qc6 1/2-1/2

[Event "MVP-ch Seniors op 17th"]
[Site "Binz"]
[Date "2017.11.30"]
[Round "2.70"]
[White "Wagner, Richard"]
[Black "Schwenke, Norbert"]
[Result "1/2-1/2"]
[WhiteElo "1828"]
[BlackElo "1576"]
[PlyCount "67"]
[EventDate "2017.11.29"]
[EventType "swiss"]
[EventRounds "9"]
[EventCountry "GER"]
[SourceTitle "EXT 2019"]
[Source "ChessBase"]
[SourceDate "2018.10.10"]
[SourceVersion "1"]
[SourceVersionDate "2018.10.10"]
[SourceQuality "1"]

1. e4 c5 2. Nf3 e6 3. d4 cxd4 4. Nxd4 Nf6 5. Nc3 a6 6. e5 Nd5 7. Nxd5 exd5 8. Bd3 Nc6 9. Nf3 Qc7 10. 0-0 d6 11. Re1 Be6 12. Bf4 h6 13. c3 Be7 14. Qc2 g5 15. exd6 Bxd6 16. Bxd6 Qxd6 17. Bf5 0-0-0 18. Rad1 Rhe8 19. Nd4 Kb8 20. Nxe6 fxe6 21. Bg6 Rf8 22. Qe2 Rf6 23. Bc2 Rdf8 24. f3 Na5 25. Kh1 g4 26. b4 gxf3 27. gxf3 Nc6 28. Rd3 e5 29. Bb3 d4 30. a3 Rf4 31. c4 R8f5 32. Qg2 Rg5 33. Qh3 Ne7 34. Re4 1/2-1/2

[Event "MVP-ch Seniors op 17th"]
[Site "Binz"]
[Date "2017.11.29"]
[Round "1.17"]
[White "Liebscher, Helmar"]
[Black "Wagner, Richard"]
[Result "1-0"]
[WhiteElo "2089"]
[BlackElo "1828"]
[PlyCount "121"]
[EventDate "2017.11.29"]
[EventType "swiss"]
[EventRounds "9"]
[EventCountry "GER"]
[SourceTitle "EXT 2019"]
[Source "ChessBase"]
[SourceDate "2018.10.10"]
[SourceVersion "1"]
[SourceVersionDate "2018.10.10"]
[SourceQuality "1"]

1. e4 c5 2. Nf3 e6 3. d4 cxd4 4. Nxd4 Nc6 5. Nc3 Qc7 6. Be3 a6 7. a3 Nf6 8. f4 d6 9. Be2 Be7 10. 0-0 0-0 11. Bf3 Nxd4 12. Bxd4 e5 13. fxe5 dxe5 14. Be3 Bd7 15. Qe1 Rfe8 16. Kh1 h6 17. Qg3 Kh8 18. Be2 Be6 19. Rf2 Rad8 20. Raf1 Rg8 21. h3 Rdf8 22. Bd3 Nh5 23. Qf3 Nf4 24. Bxf4 exf4 25. Qxf4 Qxf4 26. Rxf4 Bf6 27. Nd1 Be5 28. R4f3 Rd8 29. b3 b5 30. a4 bxa4 31. bxa4 a5 32. Bb5 Rd4 33. Nf2 f6 34. Rd3 Bc8 35. Rfd1 Rgd8 36. Kg1 h5 37. Kf1 Bb7 38. Ke2 Kh7 39. Rxd4 Rxd4 40. Ke3 Rxd1 41. Nxd1 Kh6 42. c4 Kg5 43. c5 Kh4 44. c6 Bc8 45. Be2 g6 46. g4 hxg4 47. hxg4 Bxg4 48. Bxg4 Kxg4 49. Nf2+ Kg3 50. Nd3 Bd6 51. Kd4 Kf3 52. e5 fxe5+ 53. Nxe5+ Bxe5+ 54. Kxe5 g5 55. c7 g4 56. c8Q g3 57. Qf5+ Ke2 58. Qe4+ Kf2 59. Qf4+ Kg2 60. Ke4 Kh3 61. Kf3 1-0

[Event "MVP-ch Seniors op 15th"]
[Site "Binz"]
[Date "2015.12.02"]
[Round "9.40"]
[White "Wagner, Richard"]
[Black "Hondema, Evert C"]
[Result "1-0"]
[WhiteElo "1681"]
[BlackElo "1918"]
[PlyCount "63"]
[EventDate "2015.11.24"]
[EventType "swiss"]
[EventRounds "9"]
[EventCountry "GER"]
[SourceTitle "EXT 2017"]
[Source "ChessBase"]
[SourceDate "2016.10.25"]
[SourceVersion "1"]
[SourceVersionDate "2016.10.25"]
[SourceQuality "1"]

1. e4 Nf6 2. e5 Nd5 3. d4 d6 4. exd6 cxd6 5. Nf3 g6 6. c4 Nb6 7. b3 Bg7 8. Bb2 Nc6 9. Be2 0-0 10. 0-0 Bf5 11. Qd2 a5 12. d5 Ne5 13. Nd4 Bc8 14. f4 Ng4 15. h3 Nf6 16. f5 Nbd7 17. Nc3 Nc5 18. Rae1 a4 19. b4 Nfe4 20. Nxe4 Nxe4 21. Qe3 Nf6 22. Bd3 Qb6 23. a3 Nh5 24. Rf3 g5 25. Qxg5 Kh8 26. Qe3 Bf6 27. g4 Rg8 28. Kf1 Ng7 29. Re2 Bd7 30. Rg2 Be5 31. f6 Ne8 32. Qh6 1-0

[Event "Miedzyzdroje OB Seniors 23rd"]
[Site "Miedzyzdroje"]
[Date "2015.06.21"]
[Round "4"]
[White "Kirmas, Joachim"]
[Black "Wagner, Richard"]
[Result "1-0"]
[WhiteElo "2022"]
[BlackElo "1812"]
[PlyCount "73"]
[EventDate "2015.06.17"]
[EventType "swiss"]
[EventRounds "8"]
[EventCountry "POL"]
[SourceTitle "EXT 2018"]
[Source "ChessBase"]
[SourceDate "2017.10.13"]
[SourceVersion "1"]
[SourceVersionDate "2017.10.13"]
[SourceQuality "1"]

1. e4 c5 2. Nf3 e6 3. c3 Nf6 4. e5 Nd5 5. d4 cxd4 6. Qxd4 Nc6 7. Qe4 Be7 8. Nbd2 0-0 9. c4 f5 10. Qe2 Ndb4 11. Nb3 d6 12. Bf4 dxe5 13. Nxe5 Nxe5 14. Bxe5 Nd3+ 15. Qxd3 Bb4+ 16. Bc3 Qxd3 17. Bxd3 Bxc3+ 18. bxc3 e5 19. 0-0 e4 20. Be2 Be6 21. Nd4 Bd7 22. f4 Rac8 23. Rab1 b6 24. Rfd1 Rf6 25. Nb5 Bxb5 26. Rxb5 a6 27. Rbd5 Rff8 28. Rd6 Rb8 29. Rd7 a5 30. Rc7 Rf7 31. Rdd7 Rxd7 32. Rxd7 Rc8 33. Kf2 Rc6 34. Ke3 Rh6 35. h3 Rg6 36. Rd8+ Kf7 37. Bh5 1-0

[Event "Miedzyzdroje OB Seniors 23rd"]
[Site "Miedzyzdroje"]
[Date "2015.06.21"]
[Round "5"]
[White "Wagner, Richard"]
[Black "Unger, Lothar"]
[Result "1-0"]
[WhiteElo "1812"]
[BlackElo "1620"]
[PlyCount "31"]
[EventDate "2015.06.17"]
[EventType "swiss"]
[EventRounds "8"]
[EventCountry "POL"]
[SourceTitle "EXT 2018"]
[Source "ChessBase"]
[SourceDate "2017.10.13"]
[SourceVersion "1"]
[SourceVersionDate "2017.10.13"]
[SourceQuality "1"]

1. e4 e5 2. Nf3 d6 3. d4 exd4 4. Nxd4 Nf6 5. Nc3 g6 6. Bc4 Bg7 7. 0-0 0-0 8. Be3 Re8 9. f3 Nbd7 10. Bb3 c5 11. Ndb5 d5 12. Nxd5 Nxd5 13. Bxd5 a6 14. Nd6 Re7 15. c3 Nb6 16. Nxf7 1-0